000
00486nam a2200181Ia 4500
008
090124s9999 xx 000 0 und d
082
_b
108437
100
_a
कंटक सां. घ.
245
_a
जाईची फुले
250
_a
1
260
_c
1961
300
_a
126
600
_a
कंटक सां. घ.
630
_a
जाईची फुले
700
_a
कंटक सां. घ.
730
_a
जाईची फुले
942
_c
BOOK
999
_c
154528
_d
154528